Loading...
| Social Science | 1 | 8 | 1 | 1 | 90 | 75 | 95.78 | 2 | 5 | 11.04 | 27.16 |
| Fine Arts - Classical Music and Opera | 3 | 5 | 1 | 0 | 90 | 58 | 83.38 | 1 | 6 | 21.61 | 47.26 |
| Science - Chemistry | 1 | 5 | 0 | 2 | 65 | 56 | 94.33 | 0 | 4 | 10.77 | 26.30 |
| Science - Other | 1 | 5 | 1 | 1 | 60 | 54 | 83.83 | 2 | 4 | 12.72 | 27.25 |
| Fine Arts - Other Arts | 2 | 1 | 0 | 1 | 40 | 20 | 87.00 | 1 | 2 | 8.74 | 17.98 |
| Modern World | 2 | 0 | 0 | 0 | 30 | 36 | 53.50 | 1 | 2 | 22.73 | 33.00 |
| Science - Physics | 1 | 2 | 1 | 1 | 30 | 52 | 86.67 | 0 | 2 | 9.23 | 18.48 |
| Beliefs | 1 | 1 | 0 | 0 | 25 | 67 | 74.00 | 1 | 2 | 4.25 | 8.33 |
| Science - Biology | 0 | 3 | 1 | 0 | 25 | 82 | 105.67 | 1 | 2 | 2.98 | 16.67 |
| History - American | 0 | 2 | 0 | 1 | 20 | 108 | 111.50 | 1 | 1 | 1.36 | 7.74 |
| History - World | 0 | 2 | 1 | 0 | 15 | 97 | 101.00 | 0 | 0 | 3.67 | 8.33 |
| Geography | 1 | 0 | 0 | 0 | 15 | 44 | 44.00 | 0 | 1 | 22.39 | 30.30 |
| Literature - British | 0 | 1 | 0 | 0 | 10 | 134 | 134.00 | 0 | 1 | 0.50 | 4.17 |
| History - European | 0 | 1 | 0 | 0 | 10 | 100 | 100.00 | 0 | 0 | 2.04 | 5.00 |
| Literature - European | 0 | 1 | 0 | 0 | 10 | 111 | 111.00 | 0 | 0 | 1.86 | 2.98 |
| Other Academic | 0 | 1 | 0 | 0 | 10 | 88 | 88.00 | 0 | 1 | 5.30 | 12.50 |
| History - Ancient | 0 | 1 | 1 | 1 | 5 | 127 | 127.00 | 0 | 0 | 0.19 | 4.17 |
| Literature - American | 0 | 0 | 0 | 0 | 0 | 0.00 | 0 | 0 | 0.00 | 0.00 | |
| Visual Arts | 0 | 0 | 1 | 0 | -5 | 0.00 | 0 | 0 | 0.00 | 0.00 |